• 首页
  • 本馆介绍
  • 公告通知
  • 最新文献
  • 馆藏检索
  • 电子资源
  • 读者导购
  • 参考咨询
  • 我的图书馆
  • 登录
  • 详细信息显示
  • 放入我的书架
  • 预约/预借图书
  • 作者相关作品
  • 分类相关作品
  • 丛书相关作品
  • 出版社相关作品

书目信息

  • 表格格式
  • 工作单格式
  • 卡片格式
题名:
京剧字韵
    
 
作者: 黄家衡 , 徐慕云 编著
分册:  
出版信息: 上海   上海文艺出版社  1959
页数: 158页
开本: 20cm
丛书名:
单 册:
中图分类: J821.2
科图分类:
主题词: 表演艺术-京剧 , 京剧-表演艺术
电子资源:
ISBN:
000 00629nam0 2200241 45
001 0180000772
005 20060804104621.92
010    @dCNY0.58
100    @a19950512d1959 em y0chiy0121 ea
101 0  @achi
102    @aCN@b310000
105    @ay z 000yy
200 10 @a京剧字韵@Ajing ju zi yun@f徐慕云, 黄家衡编著
210    @a上海@c上海文艺出版社@d1959
215    @a158页@d20cm
606    @a表演艺术-京剧
606    @a京剧-表演艺术
690    @aJ821.2@v3
701  0 @a黄家衡@Ahuang jia heng@4编著
701  0 @a徐慕云@Axu mu yun@4编著
801  2 @aCN@bNLC@c20060804
801  0 @aCN@bTSSF
905    @a10447@dJ821.2@e63
    
    京剧字韵/徐慕云, 黄家衡编著.-上海:上海文艺出版社,1959
    158页;20cm
    
    
    ISBN :CNY0.58
    
●
相关链接 在E读中查询图书 在五车中查询图书 在当当中查询图书 在豆瓣中查询图书


正题名:京剧字韵     索取号:J821.2/63         预约/预借

序号 登录号 条形码 馆藏地/架位号 状态 备注
1 0444574   204445742   密集书库/ [索取号:J821.2/63] 在馆    
唐山师范学院图书馆 欢迎您!
大连网信软件有限公司© 版权所有